New Venture Creation : (Record no. 17286)
[ view plain ]
| 000 -LEADER | |
|---|---|
| fixed length control field | 00973nam a2200289 a 4500 |
| 001 - CONTROL NUMBER | |
| control field | 016071672 |
| 003 - CONTROL NUMBER IDENTIFIER | |
| control field | Uk |
| 005 - DATE AND TIME OF LATEST TRANSACTION | |
| control field | 20131009151154.0 |
| 008 - FIXED-LENGTH DATA ELEMENTS--GENERAL INFORMATION | |
| fixed length control field | 120412s2012 nyua b 001 0 eng d |
| 020 ## - INTERNATIONAL STANDARD BOOK NUMBER | |
| International Standard Book Number | 0071324631 (pbk.) |
| 020 ## - INTERNATIONAL STANDARD BOOK NUMBER | |
| International Standard Book Number | 9780071324632 (pbk.) |
| 082 04 - DEWEY DECIMAL CLASSIFICATION NUMBER | |
| Classification number | 658.11 |
| Edition number | 23 |
| Item number | SPI |
| 100 1# - MAIN ENTRY--PERSONAL NAME | |
| Personal name | Spinelli, Stephen. |
| 9 (RLIN) | 32578 |
| 245 10 - TITLE STATEMENT | |
| Title | New Venture Creation : |
| Remainder of title | entrepreneurship for the 21st century. |
| 250 ## - EDITION STATEMENT | |
| Edition statement | 9th ed. / |
| Remainder of edition statement | Stephen Spinelli, Jr., Robert J. Adams, Jr. |
| 260 ## - PUBLICATION, DISTRIBUTION, ETC. (IMPRINT) | |
| Place of publication, distribution, etc | New York : |
| Name of publisher, distributor, etc | McGraw-Hill/Irwin, |
| Date of publication, distribution, etc | 2012. |
| 300 ## - PHYSICAL DESCRIPTION | |
| Extent | xx, 588 p. : |
| Other physical details | ill. ; |
| Dimensions | 28 cm. |
| 500 ## - GENERAL NOTE | |
| General note | Previous ed.: 2009. |
| 500 ## - GENERAL NOTE | |
| General note | "International edition"-Cover. |
| 504 ## - BIBLIOGRAPHY, ETC. NOTE | |
| Bibliography, etc | Includes bibliographical references and index. |
| 650 #0 - SUBJECT ADDED ENTRY--TOPICAL TERM | |
| Topical term or geographic name as entry element | New business enterprises. |
| 9 (RLIN) | 32579 |
| 650 #0 - SUBJECT ADDED ENTRY--TOPICAL TERM | |
| Topical term or geographic name as entry element | Entrepreneurship. |
| 9 (RLIN) | 32580 |
| 653 ## - INDEX TERM--UNCONTROLLED | |
| Resource For college | |
| Arrived date list | February2013 |
| -- | October2013 |
| 690 7# - LOCAL SUBJECT ADDED ENTRY--TOPICAL TERM (OCLC, RLIN) | |
| Topical term or geographic name as entry element | Management and Business Studies |
| Source of heading or term | blcoll |
| 700 1# - ADDED ENTRY--PERSONAL NAME | |
| Personal name | Adams, Rob, |
| Dates associated with a name | 1959- |
| 9 (RLIN) | 32581 |
| 942 ## - ADDED ENTRY ELEMENTS (KOHA) | |
| Source of classification or shelving scheme | Dewey Decimal Classification |
| Item type | Book - Borrowing |
| Withdrawn status | Item status | Source of classification or shelving scheme | Damaged status | Not for loan | Vendor | Home library | Current library | Shelving location | Date acquired | Source of acquisition | Total Checkouts | Full call number | Barcode | Date last seen | Date last borrowed | Koha item type | Total Renewals |
|---|---|---|---|---|---|---|---|---|---|---|---|---|---|---|---|---|---|
| Dewey Decimal Classification | Baccah | Central Library | Central Library | First floor | 12/02/2013 | 1 | 658.11 SPI | 000028187 | 15/07/2025 | 26/02/2013 | NB - Book (Non borrowing) | ||||||
| Dewey Decimal Classification | Baccah | Central Library | Central Library | First floor | 12/02/2013 | 10 | 658.11 SPI | 000028188 | 15/07/2025 | 20/05/2018 | Book - Borrowing | 34 | |||||
| Dewey Decimal Classification | Baccah | Central Library | Central Library | First floor | 12/02/2013 | 15 | 658.11 SPI | 000028189 | 15/07/2025 | 06/03/2019 | Book - Borrowing | 51 | |||||
| Dewey Decimal Classification | Baccah | Central Library | Central Library | First floor | 18/02/2013 | 9 | 658.11 SPI | 000028270 | 15/07/2025 | 08/05/2019 | Book - Borrowing | 24 | |||||
| Dewey Decimal Classification | Baccah | Central Library | Central Library | First floor | 18/02/2013 | 8 | 658.11 SPI | 000028271 | 15/07/2025 | 17/02/2019 | Book - Borrowing | 35 | |||||
| Dewey Decimal Classification | Baccah | Central Library | Central Library | First floor | 09/10/2013 | 9 | 658.11 SPI | 000029366 | 15/07/2025 | 15/11/2017 | Book - Borrowing | 15 | |||||
| Dewey Decimal Classification | Baccah | Central Library | Central Library | First floor | 09/10/2013 | 6 | 658.11 SPI | 000029367 | 15/07/2025 | 17/02/2019 | Book - Borrowing | 28 | |||||
| Dewey Decimal Classification | Baccah | Central Library | Central Library | First floor | 09/10/2013 | 9 | 658.11 SPI | 000029368 | 15/07/2025 | 24/02/2019 | Book - Borrowing | 43 | |||||
| Dewey Decimal Classification | Baccah | Central Library | Central Library | First floor | 09/10/2013 | 6 | 658.11 SPI | 000029369 | 15/07/2025 | 08/05/2019 | Book - Borrowing | 27 | |||||
| Dewey Decimal Classification | Baccah | Central Library | Central Library | First floor | 09/10/2013 | 6 | 658.11 SPI | 000029370 | 15/07/2025 | 13/02/2017 | Book - Borrowing | 48 |